LEADER 01064nam a2200205 4500 001 000000357389 003 CaOOAMICUS 005 20240229145157.0 008 240229s1951 vc 000 u eng r 040 $aSeMil$bita 100 1 $aPiazza, Adeodato Giovanni,$c.$0(OLS)http://semarc/name/1108 245 10$a12. International Congress of the apostleship of the sea :$bheld in Rome, march 1950 /$cunder the patronage of his Eminence Cardinal Adeodato G. Piazza secretary of the S. Consistorial Congregation. 264 1$a[Città del Vaticano] :$bTipografia Poliglotta Vaticana,$c1951. 300 $aVII, 120 p., 6 p. di tav. ;$c25 cm 546 $aInglese 850 $aSeMil 852 $aSeMil$W1$xVenegono$y1$m5A VI 10/3$j246633$B248563$CSeMilBibl$Z2$F248563 $81 996 $6245$a12. International Congress of the apostleship of the sea :$bheld in Rome, march 1950$9(OLS)http://semarc/title/447622 996 $6264$a[Città del Vaticano] :$bTipografia Poliglotta Vaticana$9(OLS)http://semarc/publisher/32047 LEADER 01005nam a2200241 4500 001 000000357695 003 CaOOAMICUS 005 20240507152230.0 008 240320s1982 gw 000 u ger r 020 $a3-429-00762-3 040 $aSeMil$bita 100 1 $aSchatz, Klaus,$c.$0(OLS)http://semarc/name/3473 245 10$aIn dieser Kirche glauben : $bHoffnungen, Erwartungen, Besinnungen /$cKlaus Schatz. 264 1$aWürzburg :$bEchter,$c1982. 300 $a166 p. ;$c21 cm 650 4$aEcclesiologia.$0(OLS)http://semarc/subject/42996 850 $aSeMil 852 $aSeMil$W1$xVenegono$y1$m2B VII 113$j249065$B248867$CSeMilBibl$Z2$F248867 $81 961 $aCitrini don Tullio - Omaggio 996 $6020$a3-429-00762-3$9(OLS)http://semarc/number/300037 996 $6245$aIn dieser Kirche glauben : $bHoffnungen, Erwartungen, Besinnungen$9(OLS)http://semarc/title/447966 996 $6264$aWürzburg :$bEchter$9(OLS)http://semarc/publisher/29704